<?xml version="1.0" encoding="UTF-8"?>
<collection xmlns="http://www.loc.gov/MARC21/slim">
<record>
  <controlfield tag="001">111505</controlfield>
  <controlfield tag="005">20220309093120.0</controlfield>
  <datafield tag="037" ind1=" " ind2=" ">
    <subfield code="a">TAZ-TFG-2019-1005</subfield>
  </datafield>
  <datafield tag="041" ind1=" " ind2=" ">
    <subfield code="a">spa</subfield>
  </datafield>
  <datafield tag="100" ind1="1" ind2=" ">
    <subfield code="a">Guiral Foz, Maria Pilar</subfield>
  </datafield>
  <datafield tag="242" ind1="0" ind2="0">
    <subfield code="a">Pathophysiology of renal tubulointerstitial fibrosis</subfield>
  </datafield>
  <datafield tag="245" ind1="0" ind2="0">
    <subfield code="a">Fisiopatología de la fibrosis túbulo-intersticial renal</subfield>
  </datafield>
  <datafield tag="260" ind1=" " ind2=" ">
    <subfield code="a">Zaragoza</subfield>
    <subfield code="b">Universidad de Zaragoza</subfield>
    <subfield code="c">2019</subfield>
  </datafield>
  <datafield tag="506" ind1=" " ind2=" ">
    <subfield code="a">by-nc-sa</subfield>
    <subfield code="b">Creative Commons</subfield>
    <subfield code="c">3.0</subfield>
    <subfield code="u">http://creativecommons.org/licenses/by-nc-sa/3.0/</subfield>
  </datafield>
  <datafield tag="520" ind1=" " ind2=" ">
    <subfield code="a">Todas las enfermedades renales progresivas se caracterizan por presentar fibrosis intersticial y atrofia tubular (IFTA, del inglés interstitial fibrosis and tubular atrophy). La IFTA es el resultado de la acumulación continua y persistente de proteínas de la matriz extracelular que sustituye progresivamente y destruye el tejido renal normal. Como consecuencia, se producen cambios tanto en la estructura como en la función renal. La patogenia de la IFTA es un proceso complicado en el que participan varias vías celulares y moleculares complejas, independientes y superpuestas entre sí que aún no están completamente caracterizadas.  Hoy en día la única prueba disponible que nos garantiza un diagnóstico de certeza en pacientes con enfermedad renal crónica (ERC) es la biopsia, pero no se puede aplicar de rutina a todos los pacientes por los riesgos que conlleva por ser una técnica invasiva. En la práctica clínica el diagnóstico se lleva a cabo con marcadores sanguíneos. El problema es que cuando se objetivan estos marcadores en sangre el daño renal lleva tiempo progresando y ofrecen un diagnóstico tardío.  En los últimos años se han realizado numerosos avances en el esclarecimiento de la fisiopatología de la IFTA con doble objetivo: 1) encontrar marcadores precoces no invasivos en sangre y en orina que sustituyan a la biopsia y proporcionen un diagnóstico precoz, y 2) encontrar nuevas dianas terapéuticas ya que en la actualidad no se dispone de ningún tratamiento dirigido específicamente a la IFTA. Sin embargo, los nuevos conocimientos en la patogenia aún no se han aplicado a la práctica clínica.&lt;br /></subfield>
  </datafield>
  <datafield tag="521" ind1=" " ind2=" ">
    <subfield code="a">Graduado en Medicina</subfield>
  </datafield>
  <datafield tag="540" ind1=" " ind2=" ">
    <subfield code="a">Derechos regulados por licencia Creative Commons</subfield>
  </datafield>
  <datafield tag="700" ind1=" " ind2=" ">
    <subfield code="a">Gimenez, Ignacio</subfield>
    <subfield code="e">dir.</subfield>
  </datafield>
  <datafield tag="710" ind1="2" ind2=" ">
    <subfield code="a">Universidad de Zaragoza</subfield>
    <subfield code="b"> </subfield>
    <subfield code="c"></subfield>
  </datafield>
  <datafield tag="856" ind1="0" ind2=" ">
    <subfield code="f">684228@celes.unizar.es</subfield>
  </datafield>
  <datafield tag="856" ind1="4" ind2=" ">
    <subfield code="s">651207</subfield>
    <subfield code="u">http://zaguan.unizar.es/record/111505/files/TAZ-TFG-2019-1005.pdf</subfield>
    <subfield code="y">Memoria (spa)</subfield>
  </datafield>
  <datafield tag="909" ind1="C" ind2="O">
    <subfield code="o">oai:zaguan.unizar.es:111505</subfield>
    <subfield code="p">driver</subfield>
    <subfield code="p">trabajos-fin-grado</subfield>
  </datafield>
  <datafield tag="950" ind1=" " ind2=" ">
    <subfield code="a"></subfield>
  </datafield>
  <datafield tag="980" ind1=" " ind2=" ">
    <subfield code="a">TAZ</subfield>
    <subfield code="b">TFG</subfield>
    <subfield code="c">MED</subfield>
  </datafield>
  <datafield tag="999" ind1=" " ind2=" ">
    <subfield code="a">20190603005645.CREATION_DATE</subfield>
  </datafield>
  <datafield tag="951" ind1=" " ind2=" ">
    <subfield code="a">deposita:2022-03-09</subfield>
  </datafield>
</record>
</collection>